LEADER 01345nam a2200217 i 4500 001 000000217893 003 CaOOAMICUS 005 20220128113114.0 008 130103s1687 it u000 u lat u 013 $a196790 026 $aa-s, i-8. s?r- ququ (3) 1687 (R) 040 $aSeMil$bita 245 10$aTomus secundus. In quo agitur de beatitudine, & actibus humanis, de peccatis, de gratia, de virtutibus theologicis, de iustitia, ac de pluribus aliis, quorum indicem sequens pagina dabit. 300 $a[16], 578, [2] p. 500 $aStemma del dedicatario, card. Philip Thomas Howard sul front. 500 $aSegn.: a6 A-4B4 4C6 773 0 $aMauro, Silvestro <1619-1687>$tOpus theologicum in tres tomos distributum in quo praecipua totius theologiae capita accuratè pertractantur. Authore p. Sylvestro Mauro Societatis Iesu ... Tomus 1. [-3.] ... Adiecto ad finem tertij tomi indice rerum notabilium.$dRomae : Typis & sumptibus Nicolai Angeli Tinassij, 1687.$g2$w()27885 850 $aSeMil 852 $aSeMil$W1$xVenegono$y1$m2D VI 49 FA$j168307$B168307$CSeMilBibl$Z2$F179131 $8I 996 $6245$aTomus secundus. In quo agitur de beatitudine, & actibus humanis, de peccatis, de gratia, de virtutibus theologicis, de iustitia, ac de pluribus aliis, quorum indicem sequens pagina dabit$9(OLS)http://semarc/title/313008 LEADER 02377nas a2200313 i 4500 001 000000186369 003 CaOOAMICUS 005 20190625125704.0 008 100225b2010 it uu u0 0mul r 013 $a164416 040 $aSeMil$bita 245 10$a[2010 : fascicoli 856-861]. 260 $aMilano :$bScuola Beato Angelico,$ccopyr. 2010. 300 $a480 p. :$bill. ;$c29 cm. 500 $aArticoli con sintesi in inglese o in italiano. 773 0 $tArte Cristiana.$dMilano : Scuola Beato Angelico, 1913.$x0004-3400$w()1923 774 0 $tBenedetto 16. agli artisti nella cappella Sistina ; La Santa Sede all'Unesco ; Pittura su tavola a Roma nel 12. secolo ; Novità archeologiche sul Santo Sepolcro. - Titoli dalla copertina.$w()272554 774 0 $tIndice dei nomi di luogo e di persona dell'annata 2010 (NN. 856-861) >>> NON PUBBLICATO [comunicazione Editore (E-mail) in data 11/09/12].$w()272555 774 0 $tOrigin and purpose of "Il libro d'arte" ; Arte sacra italiana tra Ottocento e Novecento ; Novità su un famoso Polittico di Defendente Ferrari ; Padre Andrea Pozzo a Frascati (restauro) ; Il giardino di terracotta ad Anacapri. - Titoli dalla cop.$w()273017 774 0 $tChiesa fiorentina tra 14. e 15. secolo e la sua decorazione ; Una cappella neoclassica nei pressi di Firenze ; Il restauro come ricerca di modelli per la nuova progettazione liturgica ; Arte sacra figurativa contemporanea. - Titoli dalla cop.$w()273295 774 0 $tGrande pittore toscano di metà Duecento ; Una Madonna poco nota di Giovanni Bellini. - Titoli dalla copertina.$w()273547 774 0 $tSimone Martini's Orsini folding Polyptych ; Suggestivo inedito del senese Francesco Rustici ; Simbologia Cosmica nel Duomo di Modena ; Novità documentarie per Rocco Comanedi ; Il Museo di Arte Bizantina di Atene. - Titoli dalla copertina.$w()274136 774 0 $tSimone Martini's Orsini folding Polyptych ; Le Notti Vaticane di San Carlo Borromeo ; Francesco Mellana tra Piemonte ed Est Europeo. - Titoli dalla copertina.$w()274437 850 $aSeMil 852 $aSeMil$W1$xVenegono$y1$m212 5 37$j137056$B137056$CSeMilBibl$Z2$F177223 $85 961 $aCambio: Scuola Cattolica 996 $6245$a[2010 : fascicoli 856-861]$9(OLS)http://semarc/title/267895 996 $6260$aMilano :$bScuola Beato Angelico$9(OLS)http://semarc/publisher/30388